Long - term Preservation of Digital Documents / (Record no. 32877)
[ view plain ]
| 000 -LEADER | |
|---|---|
| fixed length control field | 00454nam a22001817a 4500 |
| 003 - CONTROL NUMBER IDENTIFIER | |
| control field | NUST |
| 005 - DATE AND TIME OF LATEST TRANSACTION | |
| control field | 20210909111213.0 |
| 020 ## - INTERNATIONAL STANDARD BOOK NUMBER | |
| International Standard Book Number | 978-3-540-336397 |
| 038 ## - RECORD CONTENT LICENSOR | |
| Staff Name | khadija |
| 082 ## - DEWEY DECIMAL CLASSIFICATION NUMBER | |
| Classification number | 025.84 |
| Author Mark | BOR |
| 100 ## - MAIN ENTRY--PERSONAL NAME | |
| Personal name | Borghoff,U. M |
| 9 (RLIN) | 82292 |
| 245 ## - TITLE STATEMENT | |
| Title | Long - term Preservation of Digital Documents / |
| Statement of responsibility, etc. | U. M Borghoff, |
| 260 ## - PUBLICATION, DISTRIBUTION, ETC. | |
| Place of publication, distribution, etc. | New York : |
| Name of publisher, distributor, etc. | Springer, |
| Date of publication, distribution, etc. | 2006. |
| 300 ## - PHYSICAL DESCRIPTION | |
| Extent | 274 p. ; |
| 500 ## - GENERAL NOTE | |
| General note | Hardcover. |
| 563 ## - BINDING INFORMATION | |
| Binding note | hardcover |
| 942 ## - ADDED ENTRY ELEMENTS (KOHA) | |
| Koha item type | Book |
| Source of classification or shelving scheme | |
| Withdrawn status | Lost status | Source of classification or shelving scheme | Damaged status | Not for loan | Permanent Location | Current Location | Shelving location | Date acquired | Full call number | Barcode | Date last seen | Price effective from | Koha item type | Public note |
|---|---|---|---|---|---|---|---|---|---|---|---|---|---|---|
| School of Mechanical & Manufacturing Engineering (SMME) | School of Mechanical & Manufacturing Engineering (SMME) | General Stacks | 12/08/2015 | 025.84 BOR | SMME-1830 | 03/29/2018 | 12/08/2015 | Book | Rack,49-Shelf,1 |
